Environment and development in Latin America : the politics of sustainability /

Bibliographic Details
Other Authors: Goodman, David, 1938-, Redclift, M. R.
Format: Book
Language:English
Published: Manchester ; New York : Manchester University Press ; [1991]
Series:Issues in environmental politics.
Subjects:

MARC

Tag First Indicator Second Indicator Subfields
LEADER 00000cam a2200000 a 4500
001 in00001031069
005 20150928151806.0
008 901121s1991 enka 001 0 eng
010 |a  90025552  
020 |a 0719033802 (pbk.) 
020 |a 0719033799 
035 |a (OCoLC)22858917 
035 |9 AFH2041AM 
040 |a DLC  |c DLC  |d TXA  |d UtOrBLW 
043 |a cl----- 
049 |a TXAM 
050 0 0 |a HC130.E5  |b E58 1991 
082 0 0 |a 363.7/0098  |2 20 
245 0 0 |a Environment and development in Latin America :  |b the politics of sustainability /  |c edited by David Goodman and Michael Redclift. 
264 1 |a Manchester ;  |a New York :  |b Manchester University Press ;  |c [1991] 
264 2 |a New York :  |b Distributed exclusively in the USA and Canada by St. Martin's Press, 
264 4 |c ©1991 
300 |a 238 pages :  |b illustrations ;  |c 22 cm. 
336 |a text  |b txt  |2 rdacontent 
337 |a unmediated  |b n  |2 rdamedia 
338 |a volume  |b nc  |2 rdacarrier 
490 1 |a Issues in environmental politics 
504 |a Includes bibliographical references and index. 
650 0 |a Environmental policy  |z Latin America. 
651 0 |a Latin America  |x Economic policy. 
700 1 |a Goodman, David,  |d 1938- 
700 1 |a Redclift, M. R. 
830 0 |a Issues in environmental politics. 
999 |a MARS 
999 f f |s 26cd400a-ecbe-313f-a454-261e490143a1  |i 3a7a915a-ef52-36ec-a89d-53b8bc1a3210  |t 0 
952 f f |p ric  |a Texas A&M University  |b Rellis Campus  |c Joint Library Facility  |d Remote Storage  |t 0  |e HC130.E5 E58 1991  |h Library of Congress classification  |i unmediated -- volume  |m A14815400424 
998 f f |a HC130.E5 E58 1991  |t 0  |l Remote Storage